Modification and acceptability of the auto car air-conditioning system trainer / (Record no. 80512)

MARC details
000 -LEADER
fixed length control field 01753nam a22003137a 4500
003 - CONTROL NUMBER IDENTIFIER
control field URS
005 - DATE AND TIME OF LATEST TRANSACTION
control field 20240606211126.0
008 - FIXED-LENGTH DATA ELEMENTS--GENERAL INFORMATION
fixed length control field 240524b |||||||| |||| 00| 0 eng d
050 ## - LIBRARY OF CONGRESS CALL NUMBER
Classification number BT-AT
Item number D749 2015
245 10 - TITLE STATEMENT
Title Modification and acceptability of the auto car air-conditioning system trainer /
Statement of responsibility, etc. Emmanuel T. Drez [and three others].
260 #1 - PUBLICATION, DISTRIBUTION, ETC.
Date of publication, distribution, etc. [2015]
300 ## - PHYSICAL DESCRIPTION
Extent xii, 57 leaves :
Other physical details color illustrations ;
Dimensions 28 cm
336 ## - CONTENT TYPE
Source rdacontent
Content type term text
337 ## - MEDIA TYPE
Source rdamedia
Media type term unmediated
338 ## - CARRIER TYPE
Source rdacarrier
Carrier type term volume
500 ## - GENERAL NOTE
General note Undergraduate thesis (Automotive Technology) - University of Rizal System, Cainta 2015
504 ## - BIBLIOGRAPHY, ETC. NOTE
Bibliography, etc. note Includes bibliographical references.
520 ## - SUMMARY, ETC.
Summary, etc. "The main objective of the study was to determine the acceptability of the Auto Car Air-Conditioning System Trainer that will be used in the teaching and learning process. The study was conducted at the University of Rizal System, Cainta Campus during the school year 2014 -2015." -- Abstract
524 ## - PREFERRED CITATION OF DESCRIBED MATERIALS NOTE
Preferred citation of described materials note Drez, E. T., [and three others]. (2015). Modification and acceptability of the auto car air-conditioning system trainer. University of Rizal System.
546 ## - LANGUAGE NOTE
Language note In English text.
650 ## - SUBJECT ADDED ENTRY--TOPICAL TERM
Topical term or geographic name entry element Automotive Technology
Form subdivision Thesis, Academic.
700 1# - ADDED ENTRY--PERSONAL NAME
Personal name Drez, Emmanuel T.,
Relator term researcher.
700 1# - ADDED ENTRY--PERSONAL NAME
Personal name Edora, Carlo James C.,
Relator term researcher.
700 1# - ADDED ENTRY--PERSONAL NAME
Personal name Fon, Ino Ahajah DL.,
Relator term researcher.
700 1# - ADDED ENTRY--PERSONAL NAME
Personal name Tordecilla Jr., Melencio N.,
Relator term researcher.
856 ## - ELECTRONIC LOCATION AND ACCESS
Materials specified Online Request for Student Unpublished Works
Uniform Resource Identifier <a href="https://docs.google.com/forms/d/e/1FAIpQLSdtj_eCncT3hgTIbOB8g-3uMYPTK14UGxs8cj-GqWFJPmnTLA/viewform">https://docs.google.com/forms/d/e/1FAIpQLSdtj_eCncT3hgTIbOB8g-3uMYPTK14UGxs8cj-GqWFJPmnTLA/viewform</a>
856 ## - ELECTRONIC LOCATION AND ACCESS
Materials specified Click here to access online
Uniform Resource Identifier <a href="https://drive.google.com/file/d/1sJCRBlOzn9fknVqY4aFHVWrJJtax_hLv/view?usp=sharing">https://drive.google.com/file/d/1sJCRBlOzn9fknVqY4aFHVWrJJtax_hLv/view?usp=sharing</a>
942 ## - ADDED ENTRY ELEMENTS (KOHA)
Source of classification or shelving scheme Library of Congress Classification
Koha item type Theses and dissertations
Holdings
Withdrawn status Source of classification or shelving scheme Damaged status Not for loan Collection code Home library Current library Shelving location Date acquired Source of acquisition Total Checkouts Full call number Barcode Date last seen Copy number Price effective from Koha item type
  Library of Congress Classification     Non-fiction Cainta College Library Cainta College Library Undergraduate Theses 05/24/2024 Donation   BT-AT D749 2015 URSCAI-UGT0435 05/24/2024 c.1 05/24/2024 Theses and dissertations

University of Rizal System
Email us at univlibservices@urs.edu.ph

Visit our Website www.urs.edu.ph/library